Chemistry at the beginning of the third millennium: molecular design, supramolecules, nanotechnology and beyond

Guardat en:
Dades bibliogràfiques
Autors principals: Fabbrizzi, Luigi (Autor), Poggi, Antonio (Autor)
Format: Llibre
Idioma:anglès
Publicat: Berlín Springer-Verlag 2000
Matèries:
Etiquetes: Afegir etiqueta
Sense etiquetes, Sigues el primer a etiquetar aquest registre!

MARC

LEADER 00000nam a2200000 a 4500
001 UCM8352
003 CL-VaPUC
005 20220607074401.0
008 030307e20000000gw 1 eng d
082 0 4 |a 540  |b FAB  |2 21 
100 1 |a Fabbrizzi, Luigi  |e author  |9 620281 
700 1 |a Poggi, Antonio  |e author  |9 620282 
245 1 0 |a Chemistry at the beginning of the third millennium: molecular design, supramolecules, nanotechnology and beyond 
260 |a Berlín  |b Springer-Verlag  |c 2000 
300 |a 342 p 
583 |a last modification  |c 20030307 00:00:00  |k Rodrigo Vera 
650 0 0 |a Química  |9 259896 
650 0 0 |a Moléculas   |9 259584 
650 0 0 |a Catálisis  |9 259915 
650 0 0 |a Investigación científica  |9 259857 
942 |c BK 
945 |a cmena  |d 20030307 00:00:00 
546 |a En Inglés 
518 |p Chemistry at the Beginning of the Third Millenium, Pavia, 7 al 10 de Octubre de 1999 
999 |c 383846  |d 383844 
952 |0 0  |1 0  |4 0  |6 540_000000000000000_FAB_2000  |7 0  |8 A  |9 506136  |a BIBCUR  |b BIBCUR  |d 2020-01-23  |i 3881857  |l 1  |o 540 FAB 2000  |p 3881857  |r 2025-04-22  |s 2025-03-07  |w 2020-01-23  |y BK  |k QUI